MAX REINHARDT 1873-1943 : (PRIPOMIENKY K JUBILEÁM)

Bibliographic Details
Main Author: Boor, Ján, 1915-2002 (Author)
Format: Article
Language:Slovak

MARC

LEADER 00000nab a2200000uu 4500
001 vtls010914652
003 SK-MaSNL
005 20260303150554.0
008 230222|1973 xo |||||||||||||||||slo|
015 |a SNBRB 
035 |a (urnnbn)urn:nbn:sk:snk:ar-a09c0z 
035 |a (uuid)7330e775-a493-4e0c-8cfc-59eae909ea9c 
035 |a urn:nbn:sk:snk-ab934f 
040 |a SNKBUCL  |b slo  |c SNKBUCL  |e AACR2 
041 0 |a slo 
044 |a xo  |c SK 
100 1 |a Boor, Ján,  |d 1915-2002  |4 aut  |9 88134 
245 1 0 |a MAX REINHARDT 1873-1943 :  |b (PRIPOMIENKY K JUBILEÁM)  |c Ján Boor 
773 0 |t Slovenské divadlo : revue dramatických umení  |g Roč. 21, č. 3 (1973), s. 363-370 
954 |a odborná, vedecká literatúra pôvodná (slovenská)  |2 lita 
958 |a OND 
958 |a EUIPO 
958 |a article10 
999 |c 2011649  |d 2013579